Lectures on the history of the nineteenth century /

Bibliographic Details
Main Author: Kirkpatrick, F. A. (Frederick Alexander), 1861-1953
Format: Book
Language:English
Published: Cambridge : University Press, 1902.
Subjects:

MARC

Tag First Indicator Second Indicator Subfields
LEADER 00000cam a2200000 4500
001 in00003459721
005 20151206104532.0
008 750122|1902||||||| |||||||eng u
035 |a (OCoLC)ocm01149034 
040 |c CIN  |d TNY  |d UtOrBLW 
090 |a D353  |b .K56 
100 1 |a Kirkpatrick, F. A.  |q (Frederick Alexander),  |d 1861-1953. 
245 1 0 |a Lectures on the history of the nineteenth century /  |c Deliveredat the Cambridge University extension summer meeting, August, 1902. Edited by F. A. Kirkpatrick. 
264 1 |a Cambridge :  |b University Press,  |c 1902. 
300 |a viii, 384 pages ;  |c 20 cm. 
336 |a text  |b txt  |2 rdacontent 
337 |a unmediated  |b n  |2 rdamedia 
338 |a volume  |b nc  |2 rdacarrier 
651 0 |a Europe  |x History  |y 1789-1900. 
650 0 |a Panislamism. 
650 0 |a Eastern question. 
999 |a MARS 
999 f f |s 66189ed7-80a0-305e-83ef-05cece474e19  |i e45c7e3f-7f13-3266-b5b8-c2d7631a4ad4  |t 0 
952 f f |p ric  |a Texas A&M University  |b Rellis Campus  |c Joint Library Facility  |d Remote Storage  |t 0  |e D353 .K56  |h Library of Congress classification  |i unmediated -- volume  |m 32060002387203 
998 f f |a D353 .K56  |t 0  |l Remote Storage